Zehirut-shavir = (Record no. 32564)

MARC details
000 -LEADER
fixed length control field 00894cam a22002651 4500
001 - CONTROL NUMBER
control field he 67001593
003 - CONTROL NUMBER IDENTIFIER
control field DLC
005 - DATE AND TIME OF LATEST TRANSACTION
control field 20260227111449.0
008 - FIXED-LENGTH DATA ELEMENTS--GENERAL INFORMATION
fixed length control field 840307s1966 is a 000 0 heb
010 ## - LIBRARY OF CONGRESS CONTROL NUMBER
LC control number he 67001593
035 ## - SYSTEM CONTROL NUMBER
System control number (OCoLC)19160946
040 ## - CATALOGING SOURCE
Original cataloging agency DLC
Transcribing agency MH
Modifying agency CU
-- CLU
-- DLC
042 ## - AUTHENTICATION CODE
Authentication code premarc
050 00 - LIBRARY OF CONGRESS CALL NUMBER
Classification number PJ5054.G35
Item number F7
100 1# - MAIN ENTRY--PERSONAL NAME
Personal name Gamzu, Yosi.
245 10 - TITLE STATEMENT
Title Zehirut-shavir =
Remainder of title Fragile, handle with care : masaʻot ṿe-siyur bi-medinat Yiśraʼel... /
Statement of responsibility, etc. Yosi Gamzu, Yaʻaḳov Shiloh.
260 ## - PUBLICATION, DISTRIBUTION, ETC.
Place of publication, distribution, etc. [Tel Aviv] :
Name of publisher, distributor, etc. B. Tsʼeriḳover,
Date of publication, distribution, etc. [1966?]
300 ## - PHYSICAL DESCRIPTION
Extent [80] p. :
Other physical details ill. (part col.) ;
Dimensions 29 cm.
500 ## - GENERAL NOTE
General note On cover: From Israel with a laugh; cartoons, satirical verse.
500 ## - GENERAL NOTE
General note Some verses also in English.
700 1# - ADDED ENTRY--PERSONAL NAME
Personal name Shiloh, Jacob,
Dates associated with a name 1937-
740 0# - ADDED ENTRY--UNCONTROLLED RELATED/ANALYTICAL TITLE
Uncontrolled related/analytical title Fragile, handle with care.
740 0# - ADDED ENTRY--UNCONTROLLED RELATED/ANALYTICAL TITLE
Uncontrolled related/analytical title From Israel with a laugh.
752 ## - ADDED ENTRY--HIERARCHICAL PLACE NAME
Country or larger entity Israel
City Tel Aviv

No items available.

Powered by Koha